Introduction to lasers (Record no. 240528)

MARC details
000 -LEADER
fixed length control field 00617nam a22002057a 4500
005 - DATE AND TIME OF LATEST TRANSACTION
control field 20251013151610.0
008 - FIXED-LENGTH DATA ELEMENTS--GENERAL INFORMATION
fixed length control field 251013b |||||||| |||| 00| 0 eng d
020 ## - INTERNATIONAL STANDARD BOOK NUMBER
International Standard Book Number 9788121920711
040 ## - CATALOGING SOURCE
Transcribing agency AL
041 ## - LANGUAGE CODE
Language code of text/sound track or separate title English
082 ## - DEWEY DECIMAL CLASSIFICATION NUMBER
Classification number 621.366
Item number AVAI
100 ## - MAIN ENTRY--PERSONAL NAME
Personal name M N Avadhanulu
100 ## - MAIN ENTRY--PERSONAL NAME
9 (RLIN) 242142
245 ## - TITLE STATEMENT
Title Introduction to lasers
Remainder of title : theory and applications
260 ## - PUBLICATION, DISTRIBUTION, ETC.
Place of publication, distribution, etc. New Delhi
Name of publisher, distributor, etc. S Chand and Company Limited
Date of publication, distribution, etc. 2022
300 ## - PHYSICAL DESCRIPTION
Extent vii,200p
Other physical details PB
Dimensions 23.5x16.5 cm.
365 ## - TRADE PRICE
Price type code ABDI/0818/25
Price amount ₹195.00
Currency code
Unit of pricing 260.00
Price note 25%
Price effective from 03-10-2025
650 ## - SUBJECT ADDED ENTRY--TOPICAL TERM
Topical term or geographic name entry element Engineering
9 (RLIN) 242061
700 ## - ADDED ENTRY--PERSONAL NAME
Personal name Hemne, P S
9 (RLIN) 242062
942 ## - ADDED ENTRY ELEMENTS (KOHA)
Source of classification or shelving scheme Dewey Decimal Classification
Koha item type Book
Holdings
Withdrawn status Lost status Source of classification or shelving scheme Damaged status Not for loan Collection code Home library Current library Date acquired Source of acquisition Cost, normal purchase price Total Checkouts Full call number Barcode Date last seen Cost, replacement price Price effective from Koha item type
    Dewey Decimal Classification     Electronics and Communication Engineering St Aloysius Engineering Library St Aloysius Engineering Library 10/13/2025 Academic Book Distributors, Bengaluru-562159 195.00   621.366 AVAI SE000013 10/13/2025 260.00 10/03/2025 Book
    Dewey Decimal Classification     Electronics and Communication Engineering St Aloysius Engineering Library St Aloysius Engineering Library 10/13/2025 Academic Book Distributors, Bengaluru-562159 195.00   621.366 AVAI SE000014 10/13/2025 260.00 10/03/2025 Book
    Dewey Decimal Classification     Electronics and Communication Engineering St Aloysius Engineering Library St Aloysius Engineering Library 10/13/2025 Academic Book Distributors, Bengaluru-562159 195.00   621.366 AVAI SE000015 10/13/2025 260.00 10/03/2025 Book
    Dewey Decimal Classification     Electronics and Communication Engineering St Aloysius Engineering Library St Aloysius Engineering Library 10/13/2025 Academic Book Distributors, Bengaluru-562159 195.00   621.366 AVAI SE000016 10/13/2025 260.00 10/03/2025 Book
    Dewey Decimal Classification     Electronics and Communication Engineering St Aloysius Engineering Library St Aloysius Engineering Library 10/13/2025 Academic Book Distributors, Bengaluru-562159 195.00   621.366 AVAI SE000017 10/13/2025 260.00 10/03/2025 Book